| 000 | 00488nam a22001937a 4500 | ||
|---|---|---|---|
| 003 | MPLRDC | ||
| 005 | 20220104113622.0 | ||
| 008 | 210129b ||||| |||| 00| 0 eng d | ||
| 020 | _a986-6745-12-6 | ||
| 082 | _a528.21 LSW | ||
| 100 | _a卢苏伟 | ||
| 245 |
_a正想思考,就对了 _c |
||
| 250 | _a初版 | ||
| 260 |
_a台湾 _b宝瓶文化事业有限公司 _c2007 |
||
| 300 | _b252 | ||
| 490 | _aCATCHER. 14 | ||
| 650 | _a子女教育; 亲子教育 | ||
| 942 |
_cBK _o528.21 LSW |
||
| 999 |
_c1045 _d1035 |
||